|
LDR
| 02855nam a22008537i 4500 |
|---|
| 001 | 15624 |
|---|
| 003 | CZ-PrJAB |
|---|
| 005 | 20200108105224.0 |
|---|
| 007 | ta |
|---|
| 008 | 160530s1972 xr |||| ||cze|| |
|---|
| 015 | | . |
‡acnb000119566 |
|---|
| 020 | | . |
‡q(Brožováno) |
|---|
| 035 | | . |
‡a(CZ PrSKC)000237424 |
|---|
| 035 | | . |
‡a(OCoLC)42169194 |
|---|
| 040 | | . |
‡aCBD007
‡bcze
‡erda
‡91 |
|---|
| 072 | | 7. |
‡a159.95
‡xVyšší duševní procesy
‡2Konspekt
‡917 |
|---|
| 080 | | . |
‡a101
‡2MRF |
|---|
| 080 | | . |
‡a17.021.4
‡2MRF |
|---|
| 080 | | . |
‡a159.955
‡2MRF |
|---|
| 080 | | . |
‡a(035)
‡2MRF |
|---|
| 100 | 1 | . |
‡aHume, David,
‡d1711-1776
‡7jn19990003749
‡4aut |
|---|
| 240 | 1 | 0. |
‡aEnquiry concerning human understanding.
‡lČesky |
|---|
| 245 | 1 | 0. |
‡aZkoumání lidského rozumu /
‡cDavid Hume ; z anglického originálu Enquiry concerning human understanding přeložil Vojtěch Gaja |
|---|
| 250 | | . |
‡aVydání I. |
|---|
| 264 | | 1. |
‡aPraha,
‡bSvoboda,
‡c1972 |
|---|
| 300 | | . |
‡a223 stran |
|---|
| 336 | | . |
‡atext
‡btxt
‡2rdacontent |
|---|
| 337 | | . |
‡abez média
‡bn
‡2rdamedia |
|---|
| 338 | | . |
‡asvazek
‡bnc
‡2rdacarrier |
|---|
| 650 | 0 | 7. |
‡afilozofie
‡7ph114540
‡2czenas |
|---|
| 650 | 0 | 7. |
‡arozum
‡7ph198708
‡2czenas |
|---|
| 650 | 0 | 7. |
‡amyšlení
‡7ph115391
‡2czenas |
|---|
| 650 | 0 | 7. |
‡askepticismus
‡7ph125573
‡2czenas |
|---|
| 653 | 0 | . |
‡agnozeologie |
|---|
| 655 | | 7. |
‡apříručky
‡7fd133209
‡2czenas |
|---|
| 700 | 1 | . |
‡aGaja, Vojtěch,
‡d1912-1992
‡7jk01032254
‡4trl |
|---|
| 910 | | . |
‡aABG312 |
|---|
| 995 | | . |
‡aska |
|---|
| 901 | | . |
‡a15624
‡bCZ PrSKC
‡c15624
‡tbiblio |
|---|